Annotierte Bibliographie Lutz Mohr
| Titel: | Annotierte Bibliographie Lutz Mohr : Schrifttum von 1963 bis 2001 / [Bearb.: Günter Krieg] |
|---|---|
| Verfasser: | |
| Veröffentlicht: | Doberlug-Kirchhain : G. Krieg, 2001 |
| Umfang: | [48] Seiten : Illustrationen ; 21 cm |
| Format: | Buch |
| Sprache: | Deutsch |
X
alg: 10356155 001A $06000:06-03-02 001B $01999:17-01-25 $t12:41:14.000 001D $03004:15-01-03 001U $0utf8 001X $00 002@ $0Aau 002C $aText $btxt $2rdacontent 002D $aohne Hilfsmittel zu benutzen $bn $2rdamedia 002E $aBand $bnc $2rdacarrier 003@ $0103561552 003O $076379340 $aOCoLC 006G $0963694219 006U $002,B11,0689 007A $0963694219 $aDNB 007T $0Herdhh103561552 010@ $ager 011@ $a2001 $n2001 013D $RVerzeichnis $RInformationsmittel $RKatalog $RLiteraturbericht $RNeuerwerbungsliste $RBibliograf $RBibliografin $#Bibliography $#Bibliographie $#Bibliography, Critical $#Bibliographie critique $#Bibliographie $#Abstract Formschlagwort $#Bücherverzeichnis $#Literaturdokumentation Formschlagwort $#Literaturverzeichnis $#Publikationen Formschlagwort $#Repertorium Bibliografie $#Werke Formschlagwort $#Bibliografien $#Bibliographien $74006432-3 $8Bibliografie [Ts1] $9085009210 017A $asf 021A $aAnnotierte Bibliographie Lutz Mohr $dSchrifttum von 1963 bis 2001 $h[Bearb.: Günter Krieg] 028A $BVerfasser $4aut $D20220215 $Ecgwrk $8Krieg, Günter [Tp3] $9455720800 033A $pDoberlug-Kirchhain $nG. Krieg 034D $a[48] Seiten 034I $a21 cm 034M $aIllustrationen 041A/80 $i16.1p 041A/90 $hXA-DE 044K $qDNB $#Mohr, Herbert Lutz $7123543908 $8Mohr, Lutz$Z1944- [Tp1] $9103053417 045E $a63 $a03 045F $a907.20943816 $eDDC23BSB 045F/01 $a907.2 045F/03 $g43816 045G $a900.94381609021 $eDDC23BSB 045G/01 $a900 045G/03 $f09021 045G/03 $f0902 045G/03 $g43816 lok: 10356155 24 101B $006-12-03 $t23:33:28.000 101C $015-01-03 145Z/01 $a9 1 C 145Z/02 $a9 7 Bb 145Z/03 $a9 7 B 101U $0utf8 exp: 10356155 24 1 #EPN 201B/01 $015-01-03 $t14:16:43.000 201C/01 $015-01-03 203@/01 $0179460498 208@/01 $a15-01-03 $bz 209A/01 $aS 18440 $du $f050 $hS 18440 $x00 209C/01 $a02.2898 G $h02 2898 G 209G/01 $a70541483 $x00 247C/01 $8358050-7Marburg, Bibliothek des Herder-Instituts Marburg $9102600961 201U/01 $0utf8 lok: 10356155 78 exp: 10356155 78 1 #EPN 201B/01 $019-04-17 $t18:59:01.000 201U/01 $0utf8 203@/01 $0793430836 208@/01 $a12-11-16 $be 209A/01 $a/ $f000 $x00 237A/01 $aweiterführende Signatur(en): Herder-Institut: S 18440 244Z/01 $2Trx $#Pomeranija $#Pommern $#Pomoransko $#Pomořansko $#Hinterpommern;Vorpommern;Mittelpommern $#Pomorze Środkowe;Pomorze Przednie $#Pomořansko;Západní Pomořany; Pomořany $8--Trx--Pomorze Zachodnie $x01 $9391303775 244Z/01 $aGeschichte 1963-2001 $x02 244Z/01 $2Trx $8--Trx--Monographie $x03 $9391384546 245Z/01 $a01.01 $x01 247C/01 $82080>Marburg/Lahn, Herder-Institut, Forschungsbibliothek, Bibliographieportal $9336309341
| LEADER | 00000cam a2200000 c 4500 | ||
|---|---|---|---|
| 001 | 103561552 | ||
| 003 | DE-603 | ||
| 005 | 20250117124114.0 | ||
| 007 | tu | ||
| 008 | 020306s2001 xx |||| | u00||u|ger | ||
| 015 | |a 02,B11,0689 |2 dnb | ||
| 016 | 7 | |2 DE-101 |a 963694219 | |
| 035 | |a (DE-599)DNB963694219 | ||
| 035 | |a (OCoLC)76379340 | ||
| 040 | |a DE-603 |b ger |c DE-603 |d DE-603 | ||
| 041 | |a ger | ||
| 043 | |c XA-DE | ||
| 082 | 0 | 4 | |8 1\u |a 907.20943816 |q DE-101 |2 23/BSB |
| 083 | 0 | |8 2\u |a 900.94381609021 |q DE-101 |2 23/BSB | |
| 084 | |a 63 |a 03 |q DE-101 |2 sdnb | ||
| 084 | |a 16.1p |q DE-101 |2 sdnb | ||
| 085 | |8 1\u |b 907.2 | ||
| 085 | |8 1\u |z 2 |s 43816 | ||
| 085 | |8 2\u |b 900 | ||
| 085 | |8 2\u |z 1 |s 09021 | ||
| 085 | |8 2\u |z 1 |s 0902 | ||
| 085 | |8 2\u |z 2 |s 43816 | ||
| 090 | |a b | ||
| 100 | 1 | |a Krieg, Günter |e Verfasser |4 aut |0 (DE-603)455720800 |0 (DE-588)1199863785 |2 gnd | |
| 245 | 0 | 0 | |a Annotierte Bibliographie Lutz Mohr |b Schrifttum von 1963 bis 2001 |c [Bearb.: Günter Krieg] |
| 264 | 1 | |a Doberlug-Kirchhain |b G. Krieg |c 2001 | |
| 300 | |a [48] Seiten |b Illustrationen |c 21 cm | ||
| 336 | |a Text |b txt |2 rdacontent | ||
| 337 | |a ohne Hilfsmittel zu benutzen |b n |2 rdamedia | ||
| 338 | |a Band |b nc |2 rdacarrier | ||
| 600 | 1 | 7 | |a Mohr, Lutz |d 1944- |0 (DE-588)123543908 |0 (DE-603)103053417 |2 gnd |
| 655 | 7 | |a Bibliografie |2 gnd-content |0 (DE-588)4006432-3 |0 (DE-603)085009210 | |
| 924 | 0 | |9 Mb 50 |a (DE-603)179460498 |b DE-Mb50 |c HES |d c |g S 18440 | |
| 924 | 0 | |9 2080 |a (DE-603)793430836 |b DE-2080 |c HES |d d |g / | |


